000 00306nam a22001337a 4500
008 170403b xxu||||| |||| 00| 0 eng d
020 _a9780874515091
041 _aeng
080 _a574
100 _a9
101 _aSHM
245 _a AGUIDE TO NATURE FESHWATER ENVIROMMENT
_cCADUTO.M.J
942 _2udc
_cBK
999 _c9479
_d9479